Ako podnikať
Z obsahu: Aj odísť z biznisu treba vedieť. Divestície a exity. Efektívny predajca - keď zákazník veľa hovorí. Poradenstvo.
Salvato in:
| Natura: | Capitolo di libro |
|---|---|
| Lingua: | slovacco |
| Soggetti: | |
| Tags: |
Nessun Tag, puoi essere il primo ad aggiungerne!!
|
MARC
| LEADER | 00000naa$a2200000$$$4500 | ||
|---|---|---|---|
| 001 | 0046420 | ||
| 005 | 20231009084059.7 | ||
| 041 | 0 | |a slo | |
| 044 | |a SK | ||
| 245 | 1 | 0 | |a Ako podnikať |
| 520 | |a Z obsahu: Aj odísť z biznisu treba vedieť. Divestície a exity. Efektívny predajca - keď zákazník veľa hovorí. Poradenstvo. | ||
| 610 | 2 | 0 | |a podnikanie |
| 610 | 2 | 0 | |a zrušenie podniku |
| 610 | 2 | 0 | |a prepúšťanie pracovníkov |
| 610 | 2 | 0 | |a predajcovia |
| 610 | 2 | 0 | |a zákazníci |
| 610 | 2 | 0 | |a poradenstvo |